000 00965cam a22002655a 4500
001 L138445
002 16515
008 070606s2007 xxud f 001 0 eng d
020 _a0922154309
035 _a(Sirsi) u138445
041 0 _aeng
050 0 4 _a333.332 $2 18
100 1 _aAkerson, Charles B
245 0 4 _aThe appraiser's workbook
250 _a2nd ed.
260 _aChicago
_bAppraisal Institute
_c2007
300 _axviii, 283.
_bill.
_c28cm.
350 _a32
505 2 _aIntroduction -- Problems -- Case studies -- Suggested solutions
520 _aExplains appraisal techniques and how to apply them systematically to real-world examples. Provides practical, mathmatically worked problems and exercises that arise in the valuation of real estate, commercial and residential. Instructional material. Financial tables.
590 _aka
651 4 _aUnited States
_y1959-
690 _aPROPERTY-PROPERTY VALUATION AND APPRAISA
942 _n0
999 _c107167
_d107167